Anaeróbne spracovanie zvyškov jedál s cieľom produkcie bioplynu dizertačná práca

Salvato in:
Dettagli Bibliografici
Autore principale: Kubaská, Miroslava
Natura: Libro
Lingua:slovacco
Pubblicazione: Bratislava STU FCHPT 2013
Accesso online:Visualizza in OPAC
Tags: Aggiungi Tag
Nessun Tag, puoi essere il primo ad aggiungerne!!

MARC

LEADER 00000nam a2200000 a 4500
005 20260127134357.0
008 150219 2013 000 0 slo d
035 |a vtls010655828 
039 9 |y 201502191124  |z mschk03 
040 |a STUSCHK1  |b slo  |c STUSCHK1  |e AACR2 
100 1 |a Kubaská, Miroslava 
245 1 |a Anaeróbne spracovanie zvyškov jedál s cieľom produkcie bioplynu  |b dizertačná práca  |c Miroslava Kubaská 
260 |a Bratislava  |b STU FCHPT  |c 2013 
300 |a 102 s.  |b il.  |c 30 cm 
500 |a Študijný program a odbor: chémia a technológia životného prostredia 
500 |a Školiace pracovisko: Odd. environmentálneho inžinierstva 
910 |a SCHK95 
999 |c 11247  |d 11247